000 00734nam a2200217Ii 4500
003 JO-AjNU
008 230605s9999||||xx |||||||||||||| ||und||
017 _a1987/9070
020 _a977-154-025-4
040 _aJO-AjNU
_bara
_erda
_cJO-AjNU
041 _aara
050 1 4 _aPJ6151.B3622 1986
100 3 _aالبقري، أحمد مار ,
_eauthor
_910670
245 0 0 _aالنحو العربي شواهده ومقدماتة
264 3 1 _aالقاهرة: مؤسسة شباب الجامعةللطباعة والنشر التوزيع،1988
300 _a355ص
336 _atext
_btxt
_2rdacontent
337 _aunmediated
_bn
_2rdamedia
338 _avolume
_bnc
_2rdacarrier
650 4 _aاللغة العربية-النحو
_910671
999 _aA1925
_c5493
_d5493